|
|
|
|
| LEADER |
00000cam a22000007a 4500 |
| 001 |
21960 |
| 003 |
CZ-ZlUTB |
| 005 |
20190825234232.0 |
| 008 |
050824s2003 xr |||||r|||||||||||cze|d |
| 020 |
|
|
|a 8072543873
|q (brož.)
|
| 040 |
|
|
|a BOA001
|b cze
|c BOA001
|d ZLD002
|
| 072 |
|
7 |
|a 323
|x Vnitropolitický vývoj, politický život
|2 Konspekt
|9 15
|
| 080 |
|
|
|a (048.8)
|2 v
|
| 080 |
|
|
|a (437.3)
|2 v
|
| 080 |
|
|
|a 321.7:316.42
|2 v
|
| 080 |
|
|
|a 323.21
|2 v
|
| 100 |
1 |
|
|a Müller, Karel B.,
|d 1972-
|7 jo2003197029
|4 aut
|
| 245 |
1 |
0 |
|a Češi a občanská společnost :
|b pojem, problémy, východiska /
|c Karel Müller
|
| 250 |
|
|
|a 2. vyd.
|
| 260 |
|
|
|a Praha :
|b Triton,
|c 2003
|
| 300 |
|
|
|a 271 s. ;
|c 17 cm
|
| 490 |
1 |
|
|a Filosofická setkávání ;
|v 2
|
| 500 |
|
|
|a Anglické resumé
|
| 504 |
|
|
|a Obsahuje bibliografii, bibliografické odkazy a rejstřík
|
| 650 |
0 |
7 |
|a demokracie
|7 ph117182
|2 czenas
|
| 650 |
0 |
7 |
|a občanská společnost
|7 ph123633
|2 czenas
|
| 650 |
0 |
7 |
|a společnost
|7 ph116245
|2 czenas
|
| 651 |
|
7 |
|a Česko
|7 ge128065
|2 czenas
|
| 651 |
|
7 |
|a Česko
|7 ge128065
|2 czenas
|
| 655 |
|
7 |
|a studie
|7 fd133597
|2 czenas
|
| 830 |
|
0 |
|a Filosofická setkávání
|
| 910 |
|
|
|a ZLD002
|
| 952 |
|
|
|0 0
|1 0
|4 0
|6 32MÜLLERK
|7 0
|8 BOOK
|9 38985
|a UTBZL
|b UTBZL
|c 030
|d 2006-07-29
|l 0
|o 32/MÜLLER,K.
|p 420010093588
|r 2019-08-25 00:00:00
|v 199.00
|w 2019-08-25
|x N:nákup | 20100831
|y 05
|
| 952 |
|
|
|0 0
|1 0
|4 0
|6 32MÜLLERK
|7 0
|8 BOOK
|9 38986
|a UTBZL
|b UTBZL
|c 030
|d 2006-07-29
|l 7
|o 32/MÜLLER,K.
|p 420010093586
|r 2019-08-25 00:00:00
|v 199.00
|w 2019-08-25
|x N:nákup
|y 05
|
| 952 |
|
|
|0 0
|1 0
|4 0
|6 32MÜLLERK
|7 0
|8 BOOK
|9 38987
|a UTBZL
|b UTBZL
|c 006
|d 2006-07-29
|l 6
|o 32/MÜLLER,K.
|p 420010093587
|r 2019-08-25 00:00:00
|v 199.00
|w 2019-08-25
|x N:nákup | 20100831
|y 04
|
| 992 |
|
|
|a BK
|b SK
|d 13
|
| 999 |
|
|
|c 21960
|d 21960
|